Техника средств связи. Серия : Микроэлектронная аппаратура (МЭА): научно-технический сборник

Podrobná bibliografie
Korporativní autor: Экос
Jazyk:ruština
Vydáno: Москва, 1984-1985, 1987-1988
Témata:
Médium: MixedMaterials Seriál
KOHA link:https://koha.lib.tpu.ru/cgi-bin/koha/opac-detail.pl?biblionumber=380205

MARC

LEADER 00000nas1a2200000 4500
001 380205
005 20241209154818.0
035 |a (RuTPU)RU\TPU\prd\1000 
035 |a BOOK00001001 
090 |a 380205 
100 |a 20011210b19841988k||y0rusy50 ca 
101 0 |a rus 
102 |a RU 
110 |a ajaz 0uu0 
200 1 |a Техника средств связи. Серия : Микроэлектронная аппаратура (МЭА)  |e научно-технический сборник  |f Центральный отраслевой орган научно-технической информации "Экос" 
210 |a Москва  |d 1984-1985, 1987-1988 
326 |a 2 номера в год 
610 1 |a средства связи 
610 1 |a микроэлектроника 
610 1 |a микроэлектронная аппаратура 
610 1 |a цифровая обработка 
610 1 |a моделирование 
675 |a 621.391  |v 3 
675 |a 621.382.002  |v 3 
712 0 2 |a Экос  |c Центральный отраслевой орган научно-технической информации  |c (Москва)  |3 (RuTPU)RU\TPU\col\19239  |9 27417 
801 0 |a RU  |b 63413507  |c 20011210  |g PSBO 
801 2 |a RU  |b 63413507  |c 20140130  |g RCR 
942 |c CR